000 00626nam a2200241Ia 4500
005 20250425161734.0
008 250425s9999 xx 000 0 und d
020 _a958043199X
041 _aspa
082 _a658.42
100 _aCHAMPY, JAMES
245 0 _aREINGENIERIA EN LA GERENCIA : COMO MODIFICAR EL TRABAJO GERENCIAL PARA REDISEÑAR CON EXITO
250 _a1A ED.
260 _aBOGOTA
260 _aColombia
_bNORMA
_c1995
300 _a244
650 _aGERENTES
650 _aORGANIZACION
650 _aREINGENIERIA
700 _aJORGE CARDENAS NANNETTI
_etraductor
942 _c01
010 _a27001
999 _c215105
_d215105